Теорія і методика виховання (Запис № 309644)
[ простий вигляд ]
| 000 -Лідер | |
|---|---|
| fixed length control field | 00656nam a22002537a 4500 |
| 003 - Ідентифікатор контрольного номера | |
| control field | UA-OsUOA |
| 001 - Контрольний номер | |
| control field | 23397 |
| 007 - Фіксоване поле фізичного опису | |
| fixed length control field | ta |
| 008 - Елементи даних фіксованої довжини – загальна інформація | |
| fixed length control field | 20040121b un ||||| |||| 00| 0 ukr d |
| 090 ## - Локальний шифр розміщення | |
| Класифікаційний індекс УДК | 378 |
| Авторський знак (НП) | К26 |
| 040 ## - Джерело каталогізації | |
| Агенція оригінальної каталогізації | UA-OsUOA |
| Мова каталогізації | ukr |
| Агенція, яка здійснювала перезапис | UA-OsUOA |
| Агенція, яка здійснювала модифікацію | UA-OsUOA |
| 041 ## - Код мови | |
| Код мови тексту/ звукової доріжки чи окремого заголовка (П) | ukr |
| 080 ## - Індекс Універсальної десяткової класифікації | |
| Індекс Універсальної десяткової класифікації (УДК) (НП) | 378 |
| 020 ## - Міжнародний стандартний книжковий номер (ISBN) | |
| Міжнародний стандартний книжковий номер (ISBN) (НП) | 5-11-004591-7 |
| 044 ## - Код країни видавця/ виробника | |
| Код країни видавця/ виробника (П) | UA |
| 100 ## - Основне введення – ім’я особи | |
| Ім’я особи (НП) | Карпенчук С.Г. |
| 245 ## - Відомості про назву | |
| Назва (НП) | Теорія і методика виховання |
| Решта назви (НП) | Навчальний посібник |
| 260 ## - Публікація, розповсюдження і т.п. (Вихідні дані) | |
| Місце публікації, розповсюдження і т.п. (П) | Київ |
| Ім’я/ наймення видавництва, розповсюджувача і т.п. (П) | Вища школа |
| Дата публікації, розповсюдження і т.п. (П) | 1997 |
| 300 ## - Фізичний опис | |
| Обсяг | 304 с. |
| Інші фізичні характеристики (НП) | Ілюстрації |
| 650 #7 - Додаткове предметне введення – тематичний термін | |
| Джерело заголовка чи терміна | UDC |
| 942 ## - Додаткові елементи входу (Коха) | |
| Тип елемента Koha | Книги |
| 955 ## - Код типу видання за змістом | |
| Код типу видання за змістом (НП) | інше |
| Стан вилучень | Стан втрат | Джерело класифікації або схеми стелажів | Стан уражень | Не для кредиту | Постійне місце розташування | Поточне розміщення | Дата придбання | Інвентарний номер | Усього замовленно | Повний номер виклику | Штрих-код | Дата останнього перегляду | Ціна ефективна від | Тип елемента Koha | Вартість, звичайна ціна покупки | Джерело придбання | Перевірено | Дата останньої перевірки |
|---|---|---|---|---|---|---|---|---|---|---|---|---|---|---|---|---|---|---|
| Universal Decimal Classification | АБ - Абонемент НБ | АБ - Абонемент НБ | 30/08/2012 | 48441 | 378 К26 | 48441 | 21/12/2021 | 21/01/2004 | Книги | |||||||||
| Universal Decimal Classification | АБ - Абонемент НБ | АБ - Абонемент НБ | 30/08/2012 | 48443 | 378 К26 | 48443 | 21/12/2021 | 21/01/2004 | Книги | |||||||||
| Universal Decimal Classification | АБ - Абонемент НБ | АБ - Абонемент НБ | 30/08/2012 | 48452 | 378 К26 | 48452 | 21/12/2021 | 21/01/2004 | Книги | |||||||||
| Universal Decimal Classification | АБ - Абонемент НБ | АБ - Абонемент НБ | 30/08/2012 | 48456 | 378 К26 | 48456 | 21/12/2021 | 21/01/2004 | Книги | |||||||||
| Universal Decimal Classification | АБ - Абонемент НБ | АБ - Абонемент НБ | 25/01/2006 | 94261 | 378 К26 | 94261 | 21/12/2021 | 21/01/2004 | Книги | 15.89 | 9/2006 | |||||||
| Universal Decimal Classification | АБ - Абонемент НБ | АБ - Абонемент НБ | 25/01/2006 | 94262 | 378 К26 | 94262 | 21/12/2021 | 21/01/2004 | Книги | 15.89 | 9/2006 | |||||||
| Withdrawn | Universal Decimal Classification | Not For Loan | АБ - Абонемент НБ | АБ - Абонемент НБ | 25/01/2006 | 94263 | 378 К26 | 94263 | 13/07/2019 | 21/01/2004 | Книги | 15.89 | 9/2006 | |||||
| Universal Decimal Classification | АБ - Абонемент НБ | АБ - Абонемент НБ | 25/01/2006 | 94264 | 378 К26 | 94264 | 21/12/2021 | 21/01/2004 | Книги | 15.89 | 9/2006 | |||||||
| Universal Decimal Classification | АБ - Абонемент НБ | АБ - Абонемент НБ | 25/01/2006 | 94265 | 378 К26 | 94265 | 21/12/2021 | 21/01/2004 | Книги | 15.89 | 9/2006 | |||||||
| Universal Decimal Classification | АБ - Абонемент НБ | АБ - Абонемент НБ | 05/03/2010 | 37134 | 378 К26 | 37134 | 21/12/2021 | 05/03/2020 | Книги | |||||||||
| Universal Decimal Classification | АБ - Абонемент НБ | АБ - Абонемент НБ | 22/05/2024 | 1 | 378 К26 | 48457 | 22/05/2024 | 22/05/2024 | Книги | 20/08/2024 | 22/05/2024 | |||||||
| Universal Decimal Classification | ЧЗ - Читальна зала | ЧЗ - Читальна зала | 30/04/2004 | 68352 | 378 К26 | 68352 | 07/02/2022 | 21/01/2004 | Книги | 1.00 | ||||||||
| Universal Decimal Classification | ЧЗ - Читальна зала | ЧЗ - Читальна зала | 30/04/2004 | 68353 | 378 К26 | 68353 | 06/02/2022 | 21/01/2004 | Книги | 1.00 | ||||||||
| Universal Decimal Classification | ЧЗ - Читальна зала | ЧЗ - Читальна зала | 21/09/2012 | 68355 | 378 К26 | 68355 | 17/11/2021 | 21/01/2004 | Книги | |||||||||
| Universal Decimal Classification | ЧЗ - Читальна зала | ЧЗ - Читальна зала | 26/02/2008 | 68356 | 378 К26 | 68356 | 17/11/2021 | 21/01/2004 | Книги | 15.89 | ||||||||
| Universal Decimal Classification | ЧЗ - Читальна зала | ЧЗ - Читальна зала | 30/04/2004 | 68357 | 378 К26 | 68357 | 06/02/2022 | 21/01/2004 | Книги | 5.00 | ||||||||
| Universal Decimal Classification | ЧЗ - Читальна зала | ЧЗ - Читальна зала | 30/04/2004 | 68358 | 378 К26 | 68358 | 06/02/2022 | 21/01/2004 | Книги | 5.00 | ||||||||
| Universal Decimal Classification | ЧЗ - Читальна зала | ЧЗ - Читальна зала | 30/04/2004 | 68359 | 378 К26 | 68359 | 17/11/2021 | 21/01/2004 | Книги | 15.80 | ||||||||
| Universal Decimal Classification | ЧЗ - Читальна зала | ЧЗ - Читальна зала | 30/04/2004 | 68360 | 378 К26 | 68360 | 06/02/2022 | 21/01/2004 | Книги | 15.80 | ||||||||
| Universal Decimal Classification | ЧЗ - Читальна зала | ЧЗ - Читальна зала | 30/04/2004 | 68361 | 378 К26 | 68361 | 06/02/2022 | 21/01/2004 | Книги | 30.00 | ||||||||
| Universal Decimal Classification | ЧЗ - Читальна зала | ЧЗ - Читальна зала | 21/01/2004 | 76926 | 378 К26 | 76926 | 06/02/2022 | 21/01/2004 | Книги | 3.00 |